Countries That Chew the Most Gum - Statistics

General Stats
  • This quiz has been taken 20 times
  • The average score is 7 of 10
Answer Stats
Country % Correct
United States
100%
Germany
89%
United Kingdom
89%
France
83%
China
78%
Russia
78%
Spain
78%
Poland
61%
Belgium
56%
Austria
33%
No matching quizzes found
Score Distribution
Percent of People with Each Score
Percentile by Number Answered
Your Score History
You have not taken this quiz